00325nam a2200133Ia 4500008004100000100004600041245002100087250001000108260002500118300000800143650001600151942000700167999001700174190216s9999||||xx |||||||||||||| ||und|| aNarayanan S And Manicavachagom Pillay T K 0aComplex Analysis aTHIRD bViswanathan S.c1985 a201 aMathematics cBK c30793d30793